Bollettino di Islamistica
| Main Author: | |
|---|---|
| Format: | Electronic Article |
| Language: | Italian |
| Check availability: | HBZ Gateway |
| Interlibrary Loan: | Interlibrary Loan for the Fachinformationsdienste (Specialized Information Services in Germany) |
| Published: |
2020
|
| In: |
Oriente moderno
Year: 2020, Volume: 100, Issue: 3, Pages: 462-499 |
| Online Access: |
Volltext (lizenzpflichtig) Volltext (lizenzpflichtig) |
MARC
| LEADER | 00000caa a22000002c 4500 | ||
|---|---|---|---|
| 001 | 1756853207 | ||
| 003 | DE-627 | ||
| 005 | 20210503075317.0 | ||
| 007 | cr uuu---uuuuu | ||
| 008 | 210501s2020 xx |||||o 00| ||ita c | ||
| 024 | 7 | |a 10.1163/22138617-12340244 |2 doi | |
| 035 | |a (DE-627)1756853207 | ||
| 035 | |a (DE-599)KXP1756853207 | ||
| 040 | |a DE-627 |b ger |c DE-627 |e rda | ||
| 041 | |a ita | ||
| 084 | |a 0 |2 ssgn | ||
| 100 | 1 | |e VerfasserIn |0 (DE-588)1066930155 |0 (DE-627)818525746 |0 (DE-576)182441237 |4 aut |a Tottoli, Roberto |d 1964- | |
| 109 | |a Tottoli, Roberto 1964- |a Tūtūlī, Rubirtū 1964- |a Tūttūlī, Rubirtū 1964- |a Tūtūlī, Rubartū 1964- |a Tūttūlī, Rubartū 1964- | ||
| 245 | 1 | 0 | |a Bollettino di Islamistica |
| 264 | 1 | |c 2020 | |
| 336 | |a Text |b txt |2 rdacontent | ||
| 337 | |a Computermedien |b c |2 rdamedia | ||
| 338 | |a Online-Ressource |b cr |2 rdacarrier | ||
| 773 | 0 | 8 | |i Enthalten in |t Oriente moderno |d Leiden [u.a.] : Brill, 1921 |g 100(2020), 3, Seite 462-499 |h Online-Ressource |w (DE-627)71858659X |w (DE-600)2658633-2 |w (DE-576)366429310 |x 2213-8617 |7 nnas |
| 773 | 1 | 8 | |g volume:100 |g year:2020 |g number:3 |g pages:462-499 |
| 856 | 4 | 0 | |u https://doi.org/10.1163/22138617-12340244 |x Resolving-System |z lizenzpflichtig |3 Volltext |7 1 |
| 856 | 4 | 0 | |u https://brill.com/view/journals/ormo/100/3/article-p462_7.xml |x Verlag |z lizenzpflichtig |3 Volltext |7 1 |
| 935 | |a mteo | ||
| 951 | |a AR | ||
| ELC | |a 1 | ||
| ITA | |a 1 |t 1 | ||
| LOK | |0 000 xxxxxcx a22 zn 4500 | ||
| LOK | |0 001 3920701259 | ||
| LOK | |0 003 DE-627 | ||
| LOK | |0 004 1756853207 | ||
| LOK | |0 005 20210501042714 | ||
| LOK | |0 008 210501||||||||||||||||ger||||||| | ||
| LOK | |0 035 |a (DE-Tue135)IxTheo#2021-04-30#31252D45928E076183259FBD8998213AD0050DD0 | ||
| LOK | |0 040 |a DE-Tue135 |c DE-627 |d DE-Tue135 | ||
| LOK | |0 092 |o n | ||
| LOK | |0 852 |a DE-Tue135 | ||
| LOK | |0 852 1 |9 00 | ||
| LOK | |0 935 |a ixzs |a zota | ||
| LOK | |0 939 |a 01-05-21 |b l01 | ||
| ORI | |a SA-MARC-ixtheoa001.raw | ||
| REL | |a 1 | ||
| SUB | |a REL | ||



